Conspiraciones : (Record no. 190435)

MARC details
000 -LEADER
campo de control de longitud fija 00803nam a2200229 c 4500
001 - NÚMERO DE CONTROL
campo de control 190435
003 - IDENTIFICADOR DE NÚMERO DE CONTROL
campo de control ES-MaACL
005 - FECHA Y HORA DE LA ÚLTIMA TRANSACCIÓN
campo de control 20250603184616.0
008 - DATOS DE LONGITUD FIJA--INFORMACIÓN GENERAL
campo de control de longitud fija 210330s2017 sp 001 0 spa
020 ## - NÚMERO INTERNACIONAL ESTÁNDAR DEL LIBRO
Número Internacional Estándar del Libro 978-84-670-4912-1
080 ## - NÚMERO DE LA CLASIFICACIÓN DECIMAL UNIVERSAL
Número de la Clasificación Decimal Universal 32(460)"2011/18"
100 1# - ENTRADA PRINCIPAL--NOMBRE DE PERSONA
Nombre de persona Cintora, Jesús (
Fechas asociadas al nombre 1977-)
9 (RLIN) 171134
245 10 - MENCIÓN DEL TÍTULO
Título Conspiraciones :
Resto del título ¿por qué no gobernó la izquierda? /
Mención de responsabilidad, etc. Jesús Cintora.
260 ## - PUBLICACIÓN, DISTRIBUCIÓN, ETC.
Lugar de publicación, distribución, etc. Barcelona :
Nombre del editor, distribuidor, etc. Espasa Libros,
Fecha de publicación, distribución, etc. [2017]
300 ## - DESCRIPCIÓN FÍSICA
Extensión 390 p. ;
Dimensiones 23 cm.
651 #7 - PUNTO DE ACCESO ADICIONAL DE MATERIA--NOMBRE GEOGRÁFICO
Nombre geográfico España-
Subdivisión general Política y gobierno-
Subdivisión cronológica 2011-
Fuente del encabezamiento o término
9 (RLIN) 154170
852 4# - LOCALIZACIÓN
Ubicación ES-MaACL
Número de control de estantería A-14635
itemnumber 197612
Sublocalización o colección R.152149
Ubicación en estantería Depósito 1
Signatura antigua Olim: N-7635
Donativo/Legado Donación: José Lázaro
903 ## - NOMBRE PERSONAL DE DONANTE
9 234219
a Lázaro García, José
e Donante
942 ## - ELEMENTOS DE ENTRADA SECUNDARIOS (KOHA)
Fuente del sistema de clasificación o colocación Clasificación decimal universal
Tipo de ítem Koha Libro impreso
Holdings
Estatus retirado Estado de pérdida Fuente del sistema de clasificación o colocación Estado de daño No para préstamo Biblioteca de origen Biblioteca actual Ubicación en estantería Fecha de adquisición Fuente de adquisición Total de préstamos Signatura topográfica completa Código de barras Visto por última vez Precio de reemplazo Tipo de ítem Koha
    Clasificación decimal universal     Biblioteca del Ateneo de Madrid Biblioteca del Ateneo de Madrid Depósito 1 30/03/2021 Donación   A-14635 1202458 23/02/2023 23/02/2023 Libro impreso